Fábulas morales / (Registro nro. 12484)

Detalles MARC
000 -LIDER
fixed length control field 00961nam a22002897a 4500
001 - NÚMERO DE CONTROL
Identificador de número de control
003 - IDENTIFICACDOR DE NÚMERO DE CONTROL
control field DO-SdBNP
005 - DATE AND TIME OF LATEST TRANSACTION
control field 20180222135255.0
007 - CAMPOS FIJOS DE DESCRIPCIÓN FÍSICA
fixed length control field
008 - ELEMENTOS DE LONGITUD FIJA
fixed length control field 160818b 2001 sp a |||| 00| 0 spa d
020 ## - ISBN
International Standard Book Number 8466202285
040 ## - FUENTE DE CATALOGACIÓN
Agencia que crea de manera original el registro BPMSU
Idioma de catalogación spa
Agencia que realiza la transcripción BPMSU
092 ## - LOCALLY ASSIGNED DEWEY DECIMAL CALL NUMBER
Número de clasificación
Número de ítem (Cutter)
100 1# - ASIENTO PRINCIPAL -- NOMBRE PERSONAL
Nombre personal Fontaine de la, Jean
245 14 - MENCIÓN DE TITULO
Título Fábulas morales /
Subtítulo
Mención de responsabilidad Jean de la Fontaíne
260 ## - PUBLICACIÓN, DISTRIBUCIÓN, ETC. (PIE DE IMPRENTA)
Lugar de publicación, distribución, etc Madrid :
Nombre del editor, distribuidor, etc. Libsa,
Fecha de publicación, distribución, etc 2001
300 ## - DESCRIPCIÓN FÍSICA
Extensión [16 p.] :
Otros detalles físicos il. ;
Dimensiones 18 cm.
490 0# - MENCIÓN DE SERIES
Mención de serie Fábulas de oro
505 ## - NOTA DE CONTENIDO
Texto normalizado de contenido El lobo y la cigüeña -- El asno cargado de esponjas y al asno cargado de sal -- La golondrina y la siembra -- El león y el ratón -- El asno con la piel de león -- Las liebres y las ranas --El león envejecidos -- El lobo y el perro -- El hombre gato
700 1# - ASIENTO SECUNDARIO -- NOMBRE PERSONAL
Nombre personal
700 1# - ASIENTO SECUNDARIO -- NOMBRE PERSONAL
Nombre personal
Mención de responsabilidad
830 #0 - ASIENTO SECUNDARIO DE SERIE--TÍTULO UNIFORME
Título uniforme Fábulas de oro
830 #0 - ASIENTO SECUNDARIO DE SERIE--TÍTULO UNIFORME
Título uniforme
Número de la parte o sección de una obra
942 ## - ADDED ENTRY ELEMENTS (KOHA)
Source of classification or shelving scheme Dewey Decimal Classification
Koha item type Libros
945 ## - INFORMACIÓN DE PROCESAMIENTO LOCAL
Información de procesamiento local Inventariado, 2018/ YL
956 ## - LOCAL ELECTRONIC LOCATION AND ACCESS (OCLC)
Nombre de host VMATEO
Número de acceso 10
Información de compresión 20170116
Trayectoria BPMSU
Método de acceso 0069
Existencias
Withdrawn status Lost status Source of classification or shelving scheme Damaged status Not for loan Collection code Home library Current library Date acquired Source of acquisition Total Checkouts Barcode Date last seen Price effective from Koha item type
    Dewey Decimal Classification     Colección Infantil General Biblioteca Pública Metropolitana Salomé Ureña Biblioteca Pública Metropolitana Salomé Ureña 01/16/2017 Sellar   BPMSU17010065 01/16/2017 01/16/2017 Libros